[Event "II. CLANSKA LIGA ZAHOD 2012"]
[Site " Ljubljana"]
[Date "2012.10.20"]
[Round "3.1"]
[White "Janzelj, Tim"]
[Black "Bogdanovski, Vlatko"]
[Result "1/2-1/2"]
[WhiteElo "2247"]
[BlackElo "2449"]
[PlyCount "125"]
[EventDate "2012.10.20"]
[WhiteTeam "SK IG"]
[BlackTeam "SD KOPER"]

1. d4 Nf6 2. c4 e6 3. Nf3 Bb4+ 4. Bd2 a5 5. g3 d6 6. Bg2 Nbd7 7. Nc3 e5 8. O-O
c6 9. dxe5 dxe5 10. a3 Be7 11. Rb1 Qc7 12. Qc2 O-O 13. Na4 Nc5 14. Nxc5 Bxc5
15. b4 axb4 16. axb4 Be7 17. Bc3 Nd7 18. c5 Rb8 19. Rfd1 Re8 20. Bh3 Bf8 21.
Bxd7 Bxd7 22. Bxe5 Qc8 23. Bxb8 Bf5 24. Qd2 Bxb1 25. Bd6 Be4 26. Bxf8 Kxf8 27.
Qd7 Bxf3 28. exf3 Qxd7 29. Rxd7 Re7 30. Rd8+ Re8 31. Rxe8+ Kxe8 32. Kf1 Kd7 33.
Ke2 Ke6 34. Kd3 Kd5 35. f4 h5 36. f3 f5 37. Kc3 Ke6 38. Kc4 Kd7 39. b5 Ke6 40.
bxc6 bxc6 41. Kd4 Kf6 42. Kc3 Ke6 43. Kc4 Kd7 44. Kb4 Kc7 45. Ka5 Kb7 46. Ka4
Kc7 47. Ka5 Kb7 48. Ka4 Kc8 49. Kb4 Kc7 50. Kc4 Kd7 51. h3 g6 52. Kc3 Ke6 53.
Kd4 Kf6 54. Kc3 Ke6 55. Kc4 Kd7 56. g4 h4 57. Kb4 Kc7 58. Ka5 Kb7 59. g5 Ka7
60. Kb4 Kb7 61. Kc4 Kc7 62. Kd4 Kd7 63. Ke5 1/2-1/2

[Event "II. CLANSKA LIGA ZAHOD 2012"]
[Site " Ljubljana"]
[Date "2012.10.20"]
[Round "3.3"]
[White "Hiti, Domen"]
[Black "Sirnik, Bostjan"]
[Result "1-0"]
[WhiteElo "2061"]
[BlackElo "2233"]
[PlyCount "75"]
[EventDate "2012.10.20"]
[WhiteTeam "SK IG"]
[BlackTeam "SD KOPER"]

1. d4 d6 2. c4 e5 3. dxe5 dxe5 4. Qxd8+ Kxd8 5. Nc3 Be6 6. e3 a5 7. Bd2 Na6 8.
Nf3 f6 9. Be2 Nc5 10. O-O c6 11. Rfd1 Kc7 12. Be1 Nh6 13. Nd2 Nf7 14. Nde4 a4
15. Nxc5 Bxc5 16. b3 a3 17. Na4 Be7 18. c5 Rad8 19. Ba5+ Kb8 20. Bxd8 Nxd8 21.
Rac1 e4 22. Bc4 Bg4 23. Rd4 f5 24. Nb6 Bh5 25. b4 Be8 26. Rcd1 Bh5 27. R1d2 Re8
28. Rc2 Bf7 29. Bxf7 Nxf7 30. Rc3 Ne5 31. Rxa3 Kc7 32. Ra8 Rxa8 33. Nxa8+ Kb8
34. Nb6 Kc7 35. Kf1 Bf6 36. Ke2 Nd3 37. Rd7+ Kb8 38. Rf7 1-0

[Event "II. CLANSKA LIGA ZAHOD 2012"]
[Site " Ljubljana"]
[Date "2012.10.20"]
[Round "3.4"]
[White "Vrcon, Damijan"]
[Black "Rozic, Adrijan"]
[Result "1-0"]
[WhiteElo "2167"]
[BlackElo "2100"]
[PlyCount "127"]
[EventDate "2012.10.20"]
[WhiteTeam "SD KOPER"]
[BlackTeam "SK IG"]

1. c4 f5 2. g3 Nf6 3. Bg2 e6 4. Nf3 Be7 5. O-O O-O 6. d4 d6 7. Nc3 c6 8. b4 Qc7
9. c5 Kh8 10. Bf4 Nd5 11. cxd6 Bxd6 12. Bxd6 Qxd6 13. Qd2 Qxb4 14. Rfc1 Nd7 15.
Rab1 Qd6 16. a4 a5 17. e4 Nxc3 18. Qxc3 fxe4 {(=)} 19. Ng5 e5 20. Qc4 Qf6 21.
Nxe4 Qe7 22. d5 Ra6 23. d6 Qf7 24. Qxf7 Rxf7 25. Bh3 h6 26. Bxd7 Bxd7 27. Rxb7
Ra8 28. Rc5 Kg8 29. Rxe5 Be6 30. Rc7 Rxc7 31. dxc7 Kf7 32. Nd6+ Kf6 33. Rxe6+
Kxe6 34. c8=Q+ Rxc8 35. Nxc8 Kd5 36. Ne7+ Kc5 37. Kf1 Kb4 38. Nxc6+ Kxa4 39.
Ke2 Kb5 40. Nxa5 Kxa5 41. Kd3 Kb5 42. Ke4 Kc5 43. Kf5 Kd5 44. f4 h5 45. Kg5 Ke6
46. Kxh5 Kf5 47. h3 Kf6 48. g4 Kf7 49. Kg5 Kf8 50. Kg6 Kg8 51. Kf5 Kf7 52. Ke4
Kf6 53. Kd3 Kg6 54. Kc4 Kf6 55. Kc5 Ke6 56. Kc6 Kf6 57. Kd6 Kf7 58. f5 Kf6 59.
h4 Kf7 60. g5 Kf8 61. Ke6 Ke8 62. f6 g6 63. f7+ Kf8 64. h5 1-0

[Event "II. CLANSKA LIGA ZAHOD 2012"]
[Site " Ljubljana"]
[Date "2012.10.20"]
[Round "3.5"]
[White "Zupec, Nejc"]
[Black "Brecevic, Vladko"]
[Result "1/2-1/2"]
[WhiteElo "1870"]
[BlackElo "2112"]
[PlyCount "45"]
[EventDate "2012.10.20"]
[WhiteTeam "SK IG"]
[BlackTeam "SD KOPER"]

1. d4 Nf6 2. Nf3 d5 3. Bf4 e6 4. e3 c5 5. c3 Qb6 6. Qb3 Be7 7. Nbd2 Nbd7 8. Be2
Nh5 9. Qxb6 Nxb6 10. Bc7 Nd7 11. Ne5 Nhf6 12. O-O O-O 13. a4 Ne8 14. Nxd7 Bxd7
15. Bg3 Rc8 16. Rfc1 Bd6 17. Bxd6 Nxd6 18. b3 Rfd8 19. Bf3 cxd4 20. cxd4 Rxc1+
21. Rxc1 Rc8 22. Rxc8+ Bxc8 23. Kf1 1/2-1/2

[Event "II. CLANSKA LIGA ZAHOD 2012"]
[Site " Ljubljana"]
[Date "2012.10.20"]
[Round "3.6"]
[White "Kerma, Simon"]
[Black "Janzelj, Lara"]
[Result "0-1"]
[WhiteElo "2126"]
[BlackElo "1775"]
[PlyCount "66"]
[EventDate "2012.10.20"]
[WhiteTeam "SD KOPER"]
[BlackTeam "SK IG"]

1. d4 Nf6 2. Bg5 d6 3. Bxf6 gxf6 4. g3 e5 5. Bg2 Bg7 6. e4 Nc6 7. d5 Ne7 8. c4
f5 9. Nc3 Ng6 10. h4 fxe4 11. h5 Ne7 12. h6 Bf8 13. Nxe4 Ng6 14. Qd2 Be7 15.
Nh3 O-O 16. O-O Bxh3 17. Bxh3 f5 18. Nc3 Bg5 19. Qc2 Qf6 20. Qb3 b6 21. Nb5 Rf7
22. f4 exf4 23. Rae1 Ne5 24. gxf4 Bxf4 25. Nd4 Qxh6 26. Ne6 Ng6 27. Re2 Kh8 28.
Rf3 Rg8 29. Rg2 Be5 30. Bxf5 Nh4 31. Rxg8+ Kxg8 32. Rg3+ Bxg3 33. Qxg3+ Kh8 0-1

[Event "II. CLANSKA LIGA ZAHOD 2012"]
[Site " Ljubljana"]
[Date "2012.10.20"]
[Round "3.1"]
[White "Oberc, Marjan"]
[Black "Kutin, Boris"]
[Result "1-0"]
[WhiteElo "2049"]
[BlackElo "1954"]
[PlyCount "29"]
[EventDate "2012.10.20"]
[WhiteTeam "SK TRZIN"]
[BlackTeam "SD LOSKA DOLINA"]

1. e4 c6 2. Nf3 d5 3. e5 Bg4 4. d4 e6 5. c3 Qb6 6. Bd3 c5 7. dxc5 Bxc5 8. Qa4+
Nc6 9. Qxg4 Bxf2+ 10. Ke2 Nge7 11. Rf1 Bc5 12. b4 Bxb4 13. cxb4 Nxb4 14. Be3
Qa5 15. Bd2 1-0

[Event "II. CLANSKA LIGA ZAHOD 2012"]
[Site " Ljubljana"]
[Date "2012.10.20"]
[Round "3.2"]
[White "Kodric, Vladimir"]
[Black "Rijavec, Stane"]
[Result "1/2-1/2"]
[WhiteElo "1946"]
[BlackElo "1901"]
[PlyCount "94"]
[EventDate "2012.10.20"]
[WhiteTeam "SD LOSKA DOLINA"]
[BlackTeam "SK TRZIN"]

1. d4 d5 2. c3 Nf6 3. Bf4 e6 4. Nd2 Bd6 5. Bg5 c5 6. e3 Nc6 7. Bd3 O-O 8. Ngf3
e5 9. dxe5 Nxe5 10. Nxe5 Bxe5 11. Nf3 Bd6 12. O-O Be6 13. Qc2 h6 14. Bh4 Be7
15. Bf5 Qd7 16. Bxe6 Qxe6 17. Rad1 Rad8 18. Rfe1 Rfe8 19. Bg3 Ne4 20. Nd2 h5
21. Nxe4 dxe4 22. h3 Bf6 23. c4 h4 24. Bh2 g5 25. Qe2 Kg7 26. b3 Bc3 27. Rxd8
Rxd8 28. Rd1 Rd7 29. Rxd7 Qxd7 30. Qg4 Qe7 31. Qf5 f6 32. Qd5 Be5 33. Bxe5 Qxe5
34. Qxb7+ Kg6 35. Qd5 Qxd5 36. cxd5 f5 37. f4 g4 38. Kf1 Kf6 39. Ke2 Ke7 40.
hxg4 fxg4 41. f5 Kd7 42. f6 Kd6 43. a3 a5 44. a4 Kd7 45. Kf2 Kd6 46. Kg1 Kd7
47. g3 h3 1/2-1/2

[Event "II. CLANSKA LIGA ZAHOD 2012"]
[Site " Ljubljana"]
[Date "2012.10.20"]
[Round "3.3"]
[White "Rojs, Igor"]
[Black "Stanic, Simon"]
[Result "1-0"]
[WhiteElo "1978"]
[BlackElo "1985"]
[PlyCount "88"]
[EventDate "2012.10.20"]
[WhiteTeam "SK TRZIN"]
[BlackTeam "SD LOSKA DOLINA"]

1. d4 d5 2. Bg5 Nf6 3. Nf3 Nbd7 4. e3 h6 5. Bh4 c6 6. c3 e6 7. Nbd2 Be7 8. Bd3
b5 9. a4 b4 10. Rc1 c5 11. b3 bxc3 12. Rxc3 cxd4 13. Nxd4 Ne5 14. Bb5+ Bd7 15.
O-O O-O 16. Bg3 Bb4 17. Rc2 Bxb5 18. Nxb5 Nfd7 19. Nf3 Nxf3+ 20. Qxf3 Qf6 21.
Rc7 a6 22. Rxd7 axb5 23. Qxf6 gxf6 24. Rb7 Bc3 25. Rxb5 Be5 26. Bxe5 fxe5 27.
Rc1 Rfb8 28. Rcc5 Kf8 29. Kf1 Ke7 30. Ke2 Kd6 31. Kd3 e4+ 32. Kc3 Rxb5 33. Rxb5
Rc8+ 34. Kd2 h5 35. Rb7 f5 36. Rb6+ Ke5 37. f4+ exf3 38. gxf3 Rg8 39. Kd3 Rg2
40. h4 Rh2 41. Rb4 Kd6 42. a5 Kc5 43. Rb6 Rxh4 44. b4+ Rxb4 1-0

[Event "II. CLANSKA LIGA ZAHOD 2012"]
[Site " Ljubljana"]
[Date "2012.10.20"]
[Round "3.4"]
[White "Kljun, Anton"]
[Black "Jukan, Nesib"]
[Result "0-1"]
[WhiteElo "1813"]
[BlackElo "1975"]
[PlyCount "108"]
[EventDate "2012.10.20"]
[WhiteTeam "SD LOSKA DOLINA"]
[BlackTeam "SK TRZIN"]

1. e4 d5 2. exd5 Nf6 3. Nc3 Nxd5 4. d4 g6 5. Nf3 Bg7 6. Nxd5 Qxd5 7. Be2 O-O 8.
O-O Nc6 9. c4 Qd6 10. d5 Ne5 11. a4 c6 12. Qb3 cxd5 13. cxd5 b6 14. Nxe5 Bxe5
15. g3 Bb7 16. Rd1 Rfd8 17. Bf3 Rac8 18. Be3 Qf6 19. Bg2 Bxb2 20. Ra2 Be5 21.
Qb5 Bd6 22. Rad2 Qc3 23. Qe2 Qc4 24. Qe1 Bb4 25. Bh6 Bxd2 26. Rxd2 Qc1 27. Qd1
Qxd1+ 28. Rxd1 Rc5 29. Re1 Bxd5 30. Rxe7 Bxg2 31. Kxg2 Ra5 32. Re4 Rad5 33. Re7
R5d7 34. Re5 f6 35. Rb5 Kf7 36. Be3 Ke6 37. Rb4 Rd5 38. Rc4 R8d7 39. h4 h5 40.
Re4+ Kf7 41. Rc4 R5d6 42. Rc8 Rb7 43. Rc3 a6 44. Rc2 b5 45. a5 b4 46. Rb2 b3
47. Kf3 Rb5 48. Ke2 Rc6 49. Kd1 Rc2 50. Rxc2 bxc2+ 51. Kxc2 Rxa5 52. Kb3 Rb5+
53. Kc4 Rb1 54. Bd2 Ke6 0-1

[Event "II. CLANSKA LIGA ZAHOD 2012"]
[Site " Ljubljana"]
[Date "2012.10.20"]
[Round "3.5"]
[White "Mlakar, Slavko"]
[Black "Drobnic, Janez"]
[Result "1-0"]
[WhiteElo "1794"]
[BlackElo "1779"]
[PlyCount "83"]
[EventDate "2012.10.20"]
[WhiteTeam "SK TRZIN"]
[BlackTeam "SD LOSKA DOLINA"]

1. e4 c6 2. c4 d5 3. cxd5 cxd5 4. e5 e6 5. d4 Ne7 6. Bd3 Nec6 7. Nf3 Be7 8. O-O
a6 9. a3 Qb6 10. Be2 O-O 11. b4 Bd7 12. Be3 Rc8 13. Nbd2 Nd8 14. Rc1 Nbc6 15.
Nb3 Nxb4 16. axb4 Bxb4 17. Nc5 Bxc5 18. dxc5 Qc7 19. Qd4 Nc6 20. Qb2 Be8 21.
Bd3 Ne7 22. Qb6 Qxb6 23. cxb6 Nc6 24. Ra1 Nb4 25. Rfd1 Nxd3 26. Rxd3 Bb5 27.
Rdd1 h6 28. Rdc1 Kf8 29. Rc7 Rxc7 30. bxc7 Rc8 31. Bb6 Ke8 32. Nd4 Bc4 33. Ra5
Kd7 34. Rc5 f6 35. f4 Bb5 36. Nxb5 axb5 37. Rxb5 Kc6 38. Rb2 fxe5 39. fxe5 d4
40. Kf2 Rxc7 41. Bxc7 Kxc7 42. Rd2 1-0

[Event "II. CLANSKA LIGA ZAHOD 2012"]
[Site " Ljubljana"]
[Date "2012.10.20"]
[Round "3.6"]
[White "Stanic, Vitko"]
[Black "Markic, Vladimir"]
[Result "1/2-1/2"]
[WhiteElo "1796"]
[BlackElo "1763"]
[PlyCount "61"]
[EventDate "2012.10.20"]
[WhiteTeam "SD LOSKA DOLINA"]
[BlackTeam "SK TRZIN"]

1. d4 d5 2. Nf3 Nf6 3. g3 Bf5 4. Bg2 e6 5. O-O Bd6 6. Nbd2 O-O 7. Re1 h6 8. c3
Nbd7 9. Nb3 c6 10. Nh4 Bh7 11. f4 Re8 12. Nf3 Ne4 13. Nbd2 f5 14. c4 Ndf6 15.
c5 Bc7 16. a3 Nxd2 17. Bxd2 Ne4 18. Qc2 Qf6 19. e3 g5 20. Ne5 Nxd2 21. Qxd2
Bxe5 22. dxe5 Qe7 23. Qd4 Bg6 24. Kf2 g4 25. Bf1 h5 26. Bd3 h4 27. Rh1 Kg7 28.
b4 a6 29. Rab1 Rh8 30. Qc3 hxg3+ 31. hxg3 1/2-1/2

[Event "II. CLANSKA LIGA ZAHOD 2012"]
[Site " Ljubljana"]
[Date "2012.10.21"]
[Round "4.1"]
[White "Biti, Ozren"]
[Black "Kodric, Vladimir"]
[Result "1-0"]
[WhiteElo "2380"]
[BlackElo "1946"]
[PlyCount "107"]
[EventDate "2012.10.21"]
[WhiteTeam "SD HIDRIA AET TOLMIN"]
[BlackTeam "SK LOSKA DOLINA"]

1. e4 e6 2. d3 c5 3. g3 b6 4. Bg2 Bb7 5. f4 d5 6. e5 Qc7 7. Nf3 h5 8. O-O Nh6
9. Qe2 Nf5 10. c3 Nc6 11. Na3 d4 12. c4 Be7 13. Nc2 a5 14. Nd2 Nb4 15. Bxb7
Qxb7 16. Ne4 Nxc2 17. Qxc2 Qc6 18. Qe2 Kd7 19. Qf3 Rac8 20. Bd2 g6 21. Rfb1 Ra8
22. b3 Rhb8 23. Rb2 Ra6 24. Rc1 Rba8 25. a3 Kc7 26. Rcb1 R8a7 27. Qd1 Kd7 28.
Qc2 Kc7 29. Kf2 Kd7 30. Qd1 b5 31. cxb5 Qxb5 32. Ke2 Rc7 33. Rc2 Rb6 34. Rc4
Rbc6 35. Qc2 Rb7 36. Ra4 Ra6 37. Rc1 Rc7 38. b4 axb4 39. Rxa6 Qxa6 40. axb4 Qb7
41. Qa4+ Qc6 42. b5 Qd5 43. Rc4 Kc8 44. b6 Rd7 45. Qb5 Ne3 46. Bxe3 dxe3 47.
Ra4 Kb8 48. Kxe3 c4 49. Qxc4 Qxc4 50. dxc4 Kb7 51. Ra7+ Kc6 52. Rxd7 Kxd7 53.
c5 Kc6 54. Kd4 1-0

[Event "II. CLANSKA LIGA ZAHOD 2012"]
[Site " Ljubljana"]
[Date "2012.10.21"]
[Round "4.2"]
[White "Kljun, Anton"]
[Black "Vandersmissen, Mathieu"]
[Result "0-1"]
[WhiteElo "1813"]
[BlackElo "2131"]
[PlyCount "50"]
[EventDate "2012.10.21"]
[WhiteTeam "SK LOSKA DOLINA"]
[BlackTeam "SD HIDRIA AET TOLMIN"]

1. e4 d6 2. d4 Nf6 3. Nc3 g6 4. Nf3 Bg7 5. Bc4 O-O 6. O-O Nc6 7. Bb3 Bg4 8. Be3
e5 9. d5 Nd4 10. Bxd4 exd4 11. Qxd4 Bxf3 12. gxf3 Nh5 13. Qe3 Qh4 14. f4 Bh6
15. Qf3 Bxf4 16. h3 f5 17. Rfe1 Be5 18. Nd1 Nf4 19. Re3 fxe4 20. Qg4 Qh6 21. h4
Rf5 22. Rg3 Rh5 23. Kf1 Rxh4 24. Qg5 Rh1+ 25. Rg1 Qxg5 0-1

[Event "II. CLANSKA LIGA ZAHOD 2012"]
[Site " Ljubljana"]
[Date "2012.10.21"]
[Round "4.3"]
[White "Raspor, Gregor"]
[Black "Drobnic, Janez"]
[Result "1/2-1/2"]
[WhiteElo "2114"]
[BlackElo "1779"]
[PlyCount "99"]
[EventDate "2012.10.21"]
[WhiteTeam "SD HIDRIA AET TOLMIN"]
[BlackTeam "SK LOSKA DOLINA"]

1. d4 d5 2. c4 e6 3. Nc3 Nf6 4. cxd5 exd5 5. Bg5 Be7 6. e3 O-O 7. Bd3 c6 8. Qc2
h6 9. Bh4 Re8 10. Nf3 Be6 11. O-O Nbd7 12. Rab1 Bg4 13. Nd2 Nf8 14. b4 a6 15.
a4 Nh5 16. Bxe7 Rxe7 17. b5 cxb5 18. axb5 Rc7 19. bxa6 bxa6 20. Qb3 Nf6 21. Na4
N8d7 22. Qa3 Qf8 23. Qa2 Be6 24. Qa1 Ne8 25. Nb3 Nd6 26. Nac5 Nxc5 27. Nxc5 Nc4
28. Rfc1 Rxc5 29. dxc5 Qxc5 30. Qa4 Qe7 31. Qc6 Qd8 32. Qc5 a5 33. Ra1 Nd2 34.
Qc2 Nc4 35. Rd1 Qf6 36. Ra2 Qg5 37. Be2 Rc8 38. Qb3 g6 39. Qc3 a4 40. Qd4 Ra8
41. e4 Ne5 42. exd5 Bh3 43. g3 Qf5 44. f4 Ng4 45. d6 Qe6 46. Rad2 Rd8 47. Bf3
Rxd6 48. Qxd6 Qe3+ 49. Kh1 Qxf3+ 50. Kg1 1/2-1/2

[Event "II. CLANSKA LIGA ZAHOD 2012"]
[Site " Ljubljana"]
[Date "2012.10.21"]
[Round "4.4"]
[White "Stanic, Vitko"]
[Black "Ursic, Mateja"]
[Result "0-1"]
[WhiteElo "1796"]
[BlackElo "2071"]
[PlyCount "74"]
[EventDate "2012.10.21"]
[WhiteTeam "SK LOSKA DOLINA"]
[BlackTeam "SD HIDRIA AET TOLMIN"]

1. d4 c5 2. Nf3 Nf6 3. g3 e6 4. Bg2 Nc6 5. O-O d5 6. c3 Bd6 7. Bg5 h6 8. Bxf6
Qxf6 9. e3 O-O 10. Nbd2 Rd8 11. Re1 e5 12. Nxe5 Bxe5 13. dxe5 Nxe5 14. Rf1 Be6
15. f3 Qe7 16. Qc2 Rac8 17. Rf2 d4 18. e4 b5 19. b3 d3 20. Qd1 c4 21. b4 a5 22.
a3 Ra8 23. Rf1 Ra6 24. h3 f6 25. f4 Nc6 26. Qh5 Qa7+ 27. Qc5 Ra8 28. e5 axb4
29. cxb4 Qxc5+ 30. bxc5 c3 31. Bxc6 Rxc6 32. Ne4 Bxh3 33. Rfc1 c2 34. Kf2 Bf5
35. Ke3 Bxe4 36. Kxe4 Rd8 37. exf6 Rxc5 0-1

[Event "II. CLANSKA LIGA ZAHOD 2012"]
[Site " Ljubljana"]
[Date "2012.10.21"]
[Round "4.5"]
[White "Anakiev, Dimitar"]
[Black "Bavec, Vinko"]
[Result "1-0"]
[WhiteElo "2046"]
[BlackElo "1615"]
[PlyCount "91"]
[EventDate "2012.10.21"]
[WhiteTeam "SD HIDRIA AET TOLMIN"]
[BlackTeam "SK LOSKA DOLINA"]

1. d4 d5 2. Nf3 Nf6 3. Bf4 e6 4. Nbd2 Be7 5. e3 O-O 6. Bd3 c5 7. c3 Nc6 8. Ne5
cxd4 9. exd4 h6 10. g4 Nxe5 11. Bxe5 Nh7 12. Bg3 Re8 13. Qc2 Nf6 14. Be2 Bd7
15. h4 Nh7 16. g5 f5 17. gxf6 Bxf6 18. Nf3 Bc6 19. O-O-O Nf8 20. Rhg1 Kh8 21.
Bf4 Re7 22. Rg3 h5 23. Rdg1 Be8 24. Ne5 Rc8 25. Bg5 Rec7 26. Bxf6 Qxf6 27. Rf3
Qh6+ 28. Kb1 Kg8 29. Bd3 Nd7 30. Rg5 Nxe5 31. dxe5 Rf7 32. Rxf7 Kxf7 33. Qb3
Bc6 34. Qa3 g6 35. Bxg6+ Qxg6+ 36. Rxg6 Kxg6 37. Qe7 Kf5 38. Qg5+ Ke4 39. Qxh5
Re8 40. Qg5 d4 41. cxd4 Kxd4 42. Qe3+ Kc4 43. b3+ Kd5 44. Kb2 a6 45. Kc3 Bb5
46. Qd4+ 1-0

[Event "II. CLANSKA LIGA ZAHOD 2012"]
[Site " Ljubljana"]
[Date "2012.10.21"]
[Round "4.6"]
[White "Butina, Sonja"]
[Black "Hozjan, Erik"]
[Result "0-1"]
[WhiteElo "1500"]
[BlackElo "1758"]
[PlyCount "64"]
[EventDate "2012.10.21"]
[WhiteTeam "SK LOSKA DOLINA"]
[BlackTeam "SD HIDRIA AET TOLMIN"]

1. d4 Nf6 2. e3 c5 3. Nf3 e6 4. Be2 b6 5. O-O Bb7 6. Nbd2 Be7 7. a3 O-O 8. dxc5
bxc5 9. c4 Nc6 10. Qc2 d5 11. Bd3 d4 12. e4 e5 13. Nb3 a5 14. Bg5 Qb6 15. Nh4
Nh5 16. Bxe7 Nxe7 17. Nd2 Nf4 18. Rab1 Qh6 19. g3 Nh3+ 20. Kg2 g5 21. Nhf3 g4
22. Nxe5 f5 23. f3 Qd6 24. f4 Nc6 25. Qb3 Nxe5 26. fxe5 Qe7 27. Qb5 Bxe4+ 28.
Bxe4 fxe4 29. Rxf8+ Rxf8 30. Rf1 e3 31. Rxf8+ Qxf8 32. Ne4 Qf3# 0-1

[Event "II. CLANSKA LIGA ZAHOD 2012"]
[Site " Ljubljana"]
[Date "2012.10.21"]
[Round "4.1"]
[White "Bogdanovski, Vlatko"]
[Black "Oberc, Marjan"]
[Result "1-0"]
[WhiteElo "2449"]
[BlackElo "2049"]
[PlyCount "121"]
[EventDate "2012.10.21"]
[WhiteTeam "SD KOPER"]
[BlackTeam "SK TRZIN"]

1. d4 Nf6 2. Nf3 e6 3. g3 b6 4. Bg2 Bb7 5. c4 Bb4+ 6. Bd2 Qe7 7. O-O Bxd2 8.
Qxd2 Ne4 9. Qf4 d5 10. cxd5 exd5 11. Rc1 c5 12. Nc3 O-O 13. dxc5 bxc5 14. Nxe4
dxe4 15. Qe5 Re8 16. Qxe7 Rxe7 17. Nd2 Na6 18. Nb3 e3 19. f4 Bxg2 20. Kxg2 Rc8
21. Rc3 g6 22. Kf3 Rb8 23. Rac1 Rb4 24. a3 Rb6 25. R1c2 Rb5 26. Nxc5 Nxc5 27.
Rxc5 Rb3 28. Rc7 Rxc7 29. Rxc7 Rxb2 30. Rxa7 Rb3 31. g4 h6 32. h4 Kg7 33. g5
hxg5 34. hxg5 Rc3 35. Ra8 Rb3 36. Ke4 Rc3 37. Kd4 Rb3 38. Kc4 Rb2 39. Kd3 Rb3+
40. Kc2 Rb5 41. Re8 Rf5 42. Re4 f6 43. gxf6+ Kxf6 44. Kd3 Ra5 45. a4 Ra8 46.
Kxe3 Rb8 47. Kf3 Rb2 48. Re5 Rb4 49. a5 Ra4 50. e3 Rb4 51. Rc5 Ra4 52. e4 Ra1
53. Rc6+ Kf7 54. a6 Rf1+ 55. Ke3 Re1+ 56. Kd4 Ra1 57. e5 Ra4+ 58. Kc5 Ke7 59.
Kb5 Rxf4 60. a7 Rf8 61. Rxg6 1-0

[Event "II. CLANSKA LIGA ZAHOD 2012"]
[Site " Ljubljana"]
[Date "2012.10.21"]
[Round "4.2"]
[White "Rojs, Igor"]
[Black "Golubovic, Boris"]
[Result "0-1"]
[WhiteElo "1978"]
[BlackElo "2418"]
[PlyCount "94"]
[EventDate "2012.10.21"]
[WhiteTeam "SK TRZIN"]
[BlackTeam "SD KOPER"]

1. d4 Nf6 2. Nf3 e6 3. Bf4 c5 4. e3 b6 5. Bd3 Bb7 6. Nbd2 Be7 7. O-O O-O 8. c4
cxd4 9. exd4 d5 10. Ne5 Nc6 11. Ndf3 Nb4 12. Be2 dxc4 13. Bxc4 Rc8 14. Rc1 a6
15. Qe2 Nbd5 16. Bg3 b5 17. Bb3 Nh5 18. Nd3 Nxg3 19. hxg3 Qb6 20. Nde5 Rc7 21.
Rxc7 Qxc7 22. Re1 Bb4 23. Rd1 h6 24. a3 Bd6 25. Rd2 Rc8 26. Rc2 Qd8 27. Rxc8
Qxc8 28. Bc2 Nf6 29. Qd2 Bd5 30. Qd1 Qc7 31. Bb1 Kf8 32. Qc2 Qxc2 33. Bxc2 g5
34. Nd2 Bxe5 35. dxe5 Ng4 36. f4 Ne3 37. Be4 Bxe4 38. Nxe4 Nc4 39. Nc5 Nxb2 40.
Nxa6 Nc4 41. Kf2 Nxa3 42. Ke2 Kg7 43. Kf3 Kg6 44. g4 gxf4 45. Kxf4 Nc4 46. Nb4
Nb6 47. Kf3 Nd5 0-1

[Event "II. CLANSKA LIGA ZAHOD 2012"]
[Site " Ljubljana"]
[Date "2012.10.21"]
[Round "4.3"]
[White "Sirnik, Bostjan"]
[Black "Jukan, Nesib"]
[Result "1-0"]
[WhiteElo "2233"]
[BlackElo "1975"]
[PlyCount "67"]
[EventDate "2012.10.21"]
[WhiteTeam "SD KOPER"]
[BlackTeam "SK TRZIN"]

1. d4 d5 2. Bf4 c6 3. e3 Nf6 4. c4 e6 5. Nc3 Bd6 6. c5 Bc7 7. b4 Nbd7 8. Bxc7
Qxc7 9. f4 O-O 10. Nf3 Ne4 11. Nxe4 dxe4 12. Ng5 Nf6 13. Qb1 Nd5 14. Qxe4 f5
15. Qd3 Nxb4 16. Qd2 Nd5 17. Bc4 b6 18. cxb6 axb6 19. O-O Qd6 20. Rfc1 Ra3 21.
Bb3 Bb7 22. Rab1 c5 23. dxc5 bxc5 24. Rc2 Rd8 25. Rd1 h6 26. Nf3 Qb6 27. Qc1
Ra5 28. Ne5 Rc8 29. Nc4 Qc7 30. Nxa5 Qxa5 31. Qb2 Kh7 32. Qe5 Qb6 33. Bc4 Qc6
34. Bxd5 1-0

[Event "II. CLANSKA LIGA ZAHOD 2012"]
[Site " Ljubljana"]
[Date "2012.10.21"]
[Round "4.4"]
[White "Mihelic, Bojan"]
[Black "Vrcon, Damijan"]
[Result "0-1"]
[WhiteElo "1764"]
[BlackElo "2167"]
[PlyCount "56"]
[EventDate "2012.10.21"]
[WhiteTeam "SK TRZIN"]
[BlackTeam "SD KOPER"]

1. b3 c5 2. Bb2 Nc6 3. c4 Nf6 4. a3 d5 5. cxd5 Nxd5 6. e3 Qb6 7. Bc4 Be6 8. Nc3
O-O-O 9. Na4 Qa5 10. e4 Nf4 11. Bxe6+ fxe6 12. Qc2 Nxg2+ 13. Kd1 Qb5 14. Ne2 b6
15. Rg1 Nh4 16. Rg3 Rg8 17. Rc1 g6 18. b4 Bh6 19. f4 Bxf4 20. Nac3 Qc4 21. d3
Bxg3 22. hxg3 Rxd3+ 23. Ke1 Nf3+ 24. Kf2 Rd2 25. Qa4 Nfd4 26. Rb1 Rxe2+ 27.
Nxe2 Qxe2+ 28. Kg1 Nf3+ 0-1

[Event "II. CLANSKA LIGA ZAHOD 2012"]
[Site " Ljubljana"]
[Date "2012.10.21"]
[Round "4.5"]
[White "Brecevic, Vladko"]
[Black "Markic, Vladimir"]
[Result "1-0"]
[WhiteElo "2112"]
[BlackElo "1763"]
[PlyCount "45"]
[EventDate "2012.10.21"]
[WhiteTeam "SD KOPER"]
[BlackTeam "SK TRZIN"]

1. d4 d5 2. c4 e6 3. Nc3 Nf6 4. Bg5 Be7 5. Rc1 c6 6. e3 O-O 7. Nf3 Nbd7 8. Bd3
h6 9. Bh4 dxc4 10. Bxc4 b5 11. Bd3 Bb7 12. O-O a6 13. Ne4 Rc8 14. Bg3 Nxe4 15.
Bxe4 Qb6 16. Ne5 Nxe5 17. Bxe5 f5 18. Bf3 c5 19. dxc5 Bxc5 20. b4 Bxf3 21. gxf3
Be7 22. Rxc8 Rxc8 23. Qd7 1-0

[Event "II. CLANSKA LIGA ZAHOD 2012"]
[Site " Ljubljana"]
[Date "2012.10.21"]
[Round "4.6"]
[White "Varga, Ivan"]
[Black "Cibej, Marjan"]
[Result "0-1"]
[WhiteElo "1512"]
[BlackElo "1889"]
[PlyCount "54"]
[EventDate "2012.10.21"]
[WhiteTeam "SK TRZIN"]
[BlackTeam "SD KOPER"]

1. d4 d5 2. Nf3 Bf5 3. Nc3 e6 4. Nd2 Nf6 5. g3 c5 6. Bg2 cxd4 7. Nb5 Nc6 8. O-O
Qb6 9. Na3 Rc8 10. Re1 Bxa3 11. bxa3 Nb4 12. e4 dxe3 13. Rxe3 Nxc2 14. Rb1 Nxe3
15. fxe3 Bxb1 16. Nb3 Bc2 17. Qe2 Bxb3 18. axb3 Rxc1+ 19. Bf1 O-O 20. b4 Rfc8
21. Qf3 Re1 22. Kf2 Rcc1 23. Kg2 Rxf1 24. Qe2 Ne4 25. Kh3 e5 26. Qb2 Qh6+ 27.
Kg4 f5# 0-1

[Event "II. CLANSKA LIGA ZAHOD 2012"]
[Site " Ljubljana"]
[Date "2012.10.21"]
[Round "4.1"]
[White "Rodman, Franc"]
[Black "Janzelj, Tim"]
[Result "0-1"]
[WhiteElo "2148"]
[BlackElo "2247"]
[PlyCount "62"]
[EventDate "2012.10.21"]
[WhiteTeam "SD JESENICE"]
[BlackTeam "SK IG"]

1. d4 Nf6 2. c4 e6 3. g3 Bb4+ 4. Bd2 Qe7 5. Bg2 Nc6 6. Nf3 Bxd2+ 7. Nbxd2 O-O
8. O-O d6 9. Qc2 a5 10. Ne4 Nxe4 11. Qxe4 f5 12. Qc2 e5 13. d5 Nb4 14. Qc3 f4
15. Nd2 Bg4 16. Rfe1 Qf7 17. Ne4 Qh5 18. a3 Na6 19. f3 Bd7 20. Qxa5 fxg3 21.
hxg3 Qg6 22. Qd2 Bf5 23. Qe3 Nb8 24. Rf1 Nd7 25. g4 Bxe4 26. Qxe4 Qg5 27. Qd3
Rf6 28. e3 Qh4 29. Rf2 Nc5 30. Qe2 Raf8 31. b4 Ne4 0-1

[Event "II. CLANSKA LIGA ZAHOD 2012"]
[Site " Ljubljana"]
[Date "2012.10.21"]
[Round "4.2"]
[White "Rozic, Samo"]
[Black "Zeleznik, Alojz"]
[Result "1/2-1/2"]
[WhiteElo "2085"]
[BlackElo "2202"]
[PlyCount "30"]
[EventDate "2012.10.21"]
[WhiteTeam "SK IG"]
[BlackTeam "SD JESENICE"]

1. e4 c5 2. Nc3 Nc6 3. g3 g6 4. Bg2 Bg7 5. d3 d6 6. f4 e6 7. Nf3 Nge7 8. O-O
O-O 9. Be3 Nd4 10. Qd2 b6 11. e5 Nxf3+ 12. Bxf3 Rb8 13. Ne4 Nf5 14. Nxd6 Nxd6
15. exd6 Qxd6 1/2-1/2

[Event "II. CLANSKA LIGA ZAHOD 2012"]
[Site " Ljubljana"]
[Date "2012.10.21"]
[Round "4.3"]
[White "Jeraj, Zlatko"]
[Black "Hiti, Domen"]
[Result "1-0"]
[WhiteElo "2070"]
[BlackElo "2061"]
[PlyCount "36"]
[EventDate "2012.10.21"]
[WhiteTeam "SD JESENICE"]
[BlackTeam "SK IG"]

1. d4 Nf6 2. Nf3 e6 3. g3 d5 4. Bg2 Bd6 5. O-O O-O 6. Bg5 Nbd7 7. Nc3 c6 8. e4
Be7 9. e5 Ne8 10. Bxe7 Qxe7 11. Ne2 c5 12. Nc3 Nc7 13. dxc5 Nxc5 14. Nd4 Bd7
15. Rc1 Rfd8 16. Qd2 Nb5 17. Rfd1 Rac8 18. Ndxb5 Bxb5 {NEJASNO (47)} 1-0